[Event "POL-ch Blitz U18 Girls"]
[Site "Bydgoszcz"]
[Date "2023.08.31"]
[Round "2"]
[White "Kawka, Milena"]
[Black "Nowak, Emilia"]
[Result "0-1"]
[WhiteElo "1581"]
[BlackElo "1212"]
[PlyCount "92"]
[EventDate "2023.08.28"]
[EventType "swiss"]
[EventRounds "9"]
[EventCountry "POL"]
[SourceTitle "EXT 2024"]
[Source "ChessBase"]
[SourceDate "2023.10.10"]
[SourceVersion "1"]
[SourceVersionDate "2023.10.10"]
[SourceQuality "1"]

1. e4 e5 2. Nf3 Nc6 3. d4 exd4 4. Bc4 Bc5 5. c3 d6 6. cxd4 Bb4+ 7. Bd2 Bxd2+ 8. Qxd2 Bg4 9. Ng5 Bh5 10. 0-0 h6 11. Nh3 Nf6 12. Nc3 0-0 13. Nf4 Bg4 14. h3 Bd7 15. Rad1 a6 16. a4 Re8 17. Rfe1 Na5 18. Ba2 Nc6 19. Nfd5 Be6 20. Nxf6+ Qxf6 21. Bxe6 fxe6 22. d5 Ne5 23. dxe6 Qxe6 24. Nd5 Qd7 25. b3 Rf8 26. f4 Nc6 27. Rf1 Rae8 28. Rde1 Ne7 29. Nxe7+ Qxe7 30. Qd5+ Kh8 31. Qxb7 Rb8 32. Qd5 Qf6 33. e5 dxe5 34. fxe5 Qb6+ 35. Kh2 Rfd8 36. Qf7 Qxb3 37. e6 Qb6 38. Qf4 Re8 39. e7 Qc5 40. Rc1 Qxe7 41. Rxc7 Qd8 42. Qf7 Rg8 43. Rd7 Qa5 44. Qc4 Qe5+ 45. g3 Rb2+ 46. Kh1 Qxg3 0-1

[Event "Krakow Winter op-B"]
[Site "Krakow"]
[Date "2022.01.18"]
[Round "6"]
[White "Grochola, Ireneusz"]
[Black "Nowak, Emilia"]
[Result "0-1"]
[WhiteElo "1297"]
[BlackElo "1199"]
[PlyCount "144"]
[EventDate "2022.01.15"]
[EventType "swiss"]
[EventRounds "9"]
[EventCountry "POL"]
[SourceTitle "CBM 206 Extra"]
[Source "ChessBase"]
[SourceDate "2022.03.31"]
[SourceVersion "1"]
[SourceVersionDate "2022.03.31"]
[SourceQuality "1"]

1. e4 e5 2. Nf3 Nc6 3. d3 Nf6 4. g3 d5 5. exd5 Nxd5 6. Bg2 Bg4 7. c3 Bc5 8. 0-0 Qd7 9. b4 Bd6 10. Qc2 Nde7 11. Nbd2 0-0 12. Re1 Ng6 13. a4 a6 14. Nc4 Bf5 15. Ne3 Bh3 16. Bd2 Bxg2 17. Kxg2 f5 18. Nd5 f4 19. Qb3 Kh8 20. Ng5 Qg4 21. Ne4 Nh4+ 22. Kf1 Qh3+ 23. Ke2 Qg4+ 24. Kf1 fxg3 25. hxg3 Nf3 26. Qd1 Qh3+ 27. Ke2 Nfd4+ 28. cxd4 Nxd4+ 29. Ke3 Rf3+ 30. Qxf3 Nxf3 31. Kxf3 Rf8+ 32. Ke2 Qg4+ 33. Kf1 Qe6 34. Ne3 Qb3 35. Ke2 Qf7 36. Rab1 Rd8 37. Rh1 Be7 38. Rh2 Qe6 39. Rbh1 h6 40. Nc4 Qd5 41. Nb2 Qb3 42. Bxh6 Qxb2+ 43. Bd2+ Kg8 44. Nc5 Kf7 45. Rc1 b6 46. Ne4 Qd4 47. Rc3 Rd7 48. Rh5 Bxb4 49. Rf5+ Kg8 50. Rb3 Bxd2 51. Nxd2 Qg4+ 52. Rf3 Qxa4 53. Re3 Re7 54. f4 Qe8 55. Ne4 exf4 56. gxf4 Qf7 57. Rb4 Qh5+ 58. Rf3 a5 59. Rd4 Qb5 60. Rd8+ Kf7 61. Kf2 Rd7 62. Ng5+ Ke7 63. Rg8 Qb2+ 64. Kg3 Kd6 65. Rf2 Qb3 66. Re8 Kc6 67. Rf3 Rxd3 68. Rxd3 Qxd3+ 69. Kg4 a4 70. Re7 a3 71. Rxg7 a2 72. Nf3 Qd1 0-1

[Event "Krakow Winter op-B"]
[Site "Krakow"]
[Date "2022.01.18"]
[Round "7"]
[White "Nowak, Emilia"]
[Black "Mazonik, Oliwier"]
[Result "0-1"]
[WhiteElo "1199"]
[BlackElo "1372"]
[PlyCount "116"]
[EventDate "2022.01.15"]
[EventType "swiss"]
[EventRounds "9"]
[EventCountry "POL"]
[SourceTitle "CBM 206 Extra"]
[Source "ChessBase"]
[SourceDate "2022.03.31"]
[SourceVersion "1"]
[SourceVersionDate "2022.03.31"]
[SourceQuality "1"]

1. e4 e6 2. d4 d5 3. exd5 exd5 4. Nf3 Bg4 5. h3 Bh5 6. Be3 Bd6 7. c4 dxc4 8. Bxc4 Nf6 9. Nbd2 Nbd7 10. Bg5 0-0 11. 0-0 Nb6 12. Qb3 h6 13. Bh4 Bf4 14. g4 Bg6 15. Ne5 Kh7 16. Nxg6 fxg6 17. Nf3 g5 18. Bd3+ g6 19. Bg3 Nfd5 20. Ne5 Bxe5 21. Bxe5 Nf4 22. Be4 c6 23. Kh2 Qd7 24. Qc2 Nbd5 25. Rad1 h5 26. Bxg6+ Nxg6 27. gxh5 Rf5 28. hxg6+ Kxg6 29. Rg1 Kh6 30. Qd2 Raf8 31. Rdf1 Nf4 32. h4 Nh3 33. hxg5+ Kg6 34. f4 Nxg1 35. Kxg1 R8f7 36. Rf2 Rh7 37. Rh2 Rff7 38. Rxh7 Rxh7 39. Qc2+ Qf5 40. Qxf5+ Kxf5 41. Kg2 Rh4 42. Kg1 Rh3 43. Kg2 Rd3 44. Kf1 Rd2 45. Ke1 Rxb2 46. d5 Rb1+ 47. Kd2 cxd5 48. Kc2 Re1 49. Kd3 Re4 50. a3 Rc4 51. Bb8 a6 52. Be5 b5 53. Bb8 a5 54. Bd6 b4 55. axb4 axb4 56. Bb8 b3 57. Be5 Rc2 58. Bf6 Rg2 0-1